Genshin Impact Trivia - Fontaine Archon Quest - Statistics

General Stats
  • This quiz has been taken 29 times
  • The average score is 11 of 17
Answer Stats
Hint Answer % Correct
Who is the first playable character you meet in the Archon quest? Lyney/Lynette
96%
The above's rank among the Harbingers? 4
93%
The Fatui Harbinger who traumatized Furina is named? Arlecchino
93%
What is Neuvillette's identity? Water Dragon
89%
How many Archons are there? 6
86%
Who defeated the above? Skirk
82%
Name a playable character from Fontaine that didn't appear in the Archon quest? (Only characters released up until Version 4.8 count) Chevreuse/Emilie
75%
The above's codename? Knave
71%
Upon moments on entering Fontaine, The Traveler is acused of committing a crime by possessing what kind of object, which turns out to be Paimon? Flying
68%
Later in the Archon quest, The Traveler and Paimon are sent to jail, what is the jail called? Fortress of Meropide
68%
What is the identity of everyone born in Fontaine? Oceanid
68%
What were they really sent there to find? Childe
64%
What crime were they sent to the above answer for? Eating a Cake
43%
What is the name of the final boss in Fontaine All-Devouring Narwhal
36%
What did the above say the final boss? Her Master's Pet
32%
Name any named victim that was dissolved by Primordial Sea Water? Silver/Vigneire/Melissa/Munaciello/Melus
29%
What is Furina's identity? Cursed Human
7%
No matching quizzes found
Score Distribution
Percent of People with Each Score
Percentile by Number Answered
Your Score History
You have not taken this quiz